Electromechanical energy conversion (Record no. 7935)

000 -LEADER
fixed length control field 00468nam a22001817a 4500
001 - CONTROL NUMBER
control field 7935
003 - CONTROL NUMBER IDENTIFIER
control field BD-DhUET
008 - FIXED-LENGTH DATA ELEMENTS--GENERAL INFORMATION
fixed length control field 141214b xxu||||| |||| 00| 0 eng d
040 ## - CATALOGING SOURCE
Original cataloging agency DLC
Transcribing agency DLC
Modifying agency BD-DhUET
082 ## - DEWEY DECIMAL CLASSIFICATION NUMBER
Classification number 623.13
Item number GOU/1965
100 ## - MAIN ENTRY--PERSONAL NAME
Personal name Gourishankar, Vembu
245 ## - TITLE STATEMENT
Title Electromechanical energy conversion
250 ## - EDITION STATEMENT
Edition statement 1st ed.
260 ## - PUBLICATION, DISTRIBUTION, ETC. (IMPRINT)
Place of publication, distribution, etc. Scranton
Name of publisher, distributor, etc. International textbook
Date of publication, distribution, etc. 1965
300 ## - PHYSICAL DESCRIPTION
Extent xviii, 564p.
Other physical details ill.
650 #0 - SUBJECT ADDED ENTRY--TOPICAL TERM
Topical term or geographic name as entry element Electric machinery
942 ## - ADDED ENTRY ELEMENTS (KOHA)
Koha item type General Book
Holdings
Not for loan Koha normalized classification for sorting Date acquired Koha date last seen Koha item type Source of classification or shelving scheme Shelving location Price effective from Sublocation or collection (holding branch) Piece designation (barcode) Location (home branch) Lost status Koha full call number Withdrawn status Copy number Damaged status
 623_130000000000000_GOU_19652014-12-142014-12-14General Book Circulation section2014-12-14Central Library, BUET16494Central Library, BUET 623.13/GOU/1965 1 
 623_130000000000000_GOU_19652015-05-032015-05-03General Book Circulation section2015-05-03Central Library, BUET19014Central Library, BUET 623.13/GOU/1965 2 
 623_130000000000000_GOU_19652015-05-032015-05-03General Book Circulation section2015-05-03Central Library, BUET16493Central Library, BUET 623.13/GOU/1965 3 
 623_130000000000000_GOU_19652015-05-032015-05-03General Book Circulation section2015-05-03Central Library, BUET16492Central Library, BUET 623.13/GOU/1965 4 
 623_130000000000000_GOU_19652015-05-032015-05-03General Book Circulation section2015-05-03Central Library, BUET16496Central Library, BUET 623.13/GOU/1965 5 
 623_130000000000000_GOU_19652015-05-032015-05-03General Book Circulation section2015-05-03Central Library, BUET16495Central Library, BUET 623.13/GOU/1965 6 
 623_130000000000000_GOU_19652015-07-122015-07-12General Book Circulation section2015-07-12Central Library, BUET26524Central Library, BUET 623.13/GOU/1965 7